000 00666nam a2200193Ia 4500
005 20260601193225.0
008 260601s9999||||xx |||||||||||||| ||und||
020 _a978-3-031-48855-9
_qebk
100 _aTeresa Guarda
245 0 _aAdvanced Research in Technologies, Information, Innovation and Sustainability
250 _a1st ed. 2024
260 _aHeidelberg, Germany
_bSpringer Nature
_c2024
440 _aCommunications in Computer and Information Science
650 _aComputer Science
700 _aFilipe Portela
700 _aJose Maria Diaz-Nafria
856 _uhttps://link.springer.com/openurl?genre=book&isbn=978-3-031-48855-9
942 _cEB
_2ddc
999 _c55927
_d55927